| 000 | 00000nam##2200000za#4500 |
| 001 | 9.668369 |
| 003 | CaOODSP |
| 005 | 20210615124123 |
| 007 | ta |
| 008 | 150407|2007||||xxc||||| f|0| 0 eng|d |
| 020 | |a978-0-662-49837-7 |
| 040 | |aCaOODSP|beng |
| 041 | |aeng |
| 041 | |afre |
| 043 | |an-cn--- |
| 086 | 1 |aSW21-22/2007 |
| 110 | 1 |aCanada.|bStatus of Women Canada. |bPolicy Research. |
| 245 | 10|aFinding data on women : |ba guide to major sources at Statistics Canada (2007) / |cby Marcia Almey; Produced by Statistics Canada for Status of Women Canada. |
| 260 | |aOttawa - Ontario : |bStatus of Women Canada. |cMarch 2007. |
| 300 | |aEnglish text, iii, 139p. : |btables ; |c28 cm. |
| 504 | |aBibliography. |
| 520 | 3 |aThis reference guide presents information on how and where to find data and statistics on a wide range of economic, social and legal issues related to gender equality at Statistics Canada. The guide does not present any data or statistics per se. |
| 563 | |aSoftcover |
| 590 | |a07-14|b2007-04-05 |
| 690 | 07|aWomen|2gcpds |
| 720 | 1 |aAlmey, Marcia |
| 776 | 0#|tÀ la recherche de données sur les femmes |w(CaOODSP)9.633699 |
| 776 | 0#|tFinding data on women |w(CaOODSP)9.689281 |
| 792 | |tÀ la recherche de données sur les femmes : |efre|w(CaOODSP)9.668370 |